Integrierte Unternehmungsführung im öffentlichen Verkehr Dissertation der Hochschule St. Gallen
Salvato in:
| Autore principale: | |
|---|---|
| Natura: | Libro |
| Lingua: | tedesco |
| Pubblicazione: |
Bern
Paul Haupt
1993
|
| Serie: | St. Galler Beiträge zum Tourismus ...
Band 15 |
| Soggetti: | |
| Tags: |
Nessun Tag, puoi essere il primo ad aggiungerne!!
|
MARC
| LEADER | 00000nam a2200000 4500 | ||
|---|---|---|---|
| 001 | c105866 | ||
| 005 | 20221123112501.0 | ||
| 020 | |a 3-258-04813-4 | ||
| 041 | 0 | |a ger | |
| 044 | |a CH | ||
| 245 | 1 | 0 | |a Integrierte Unternehmungsführung im öffentlichen Verkehr |b Dissertation der Hochschule St. Gallen |c Luzius Thürlimann |
| 264 | 1 | |a Bern |b Paul Haupt |c 1993 | |
| 300 | |a 299 s. | ||
| 490 | 1 | |a St. Galler Beiträge zum Tourismus ... |v Band 15 | |
| 830 | 0 | |a St. Galler Beiträge zum Tourismus ... |v Band 15 | |
| 610 | 2 | 0 | |a doprava verejná |
| 610 | 2 | 0 | |a riadenie podnikové |
| 610 | 2 | 0 | |a podnikanie |
| 610 | 2 | 0 | |a konkurencia |
| 610 | 2 | 0 | |a politika dopravná |
| 610 | 2 | 0 | |a manažment |
| 610 | 2 | 0 | |a koncepcie |
| 610 | 2 | 0 | |a manažment strategický |
| 610 | 2 | 0 | |a hospodárstvo dopravné |
| 610 | 2 | 0 | |a Švajčiarsko |
| 100 | 1 | |a Thürlimann, Luzius | |